| 000 | 00610nam a22002297a 4500 | ||
|---|---|---|---|
| 003 | UA-OsUOA | ||
| 001 | 95281 | ||
| 007 | ta | ||
| 008 | 20130226b un ||||| |||| 00| 0 ukr d | ||
| 100 | _aЭлксне А. | ||
| 090 |
_a821.174 _bЭ46 |
||
| 942 | _cBK | ||
| 040 |
_aUA-OsUOA _brus _cUA-OsUOA _dUA-OsUOA |
||
| 245 |
_aНа беригу тишины _bстихи |
||
| 300 | _a149 с. | ||
| 955 | _a3 | ||
| 041 | _arus | ||
| 080 | _a821.174 | ||
| 260 |
_aМ. _bСоветский писатель _c1975 |
||
| 650 | 7 |
_a82 Література. Літературознавство _2UDC |
|
| 999 |
_c381541 _d381541 |
||